00651 2200217 4500001002100000005001500021035002000036007000300056008004100059020001800100082001100118084001700129100004000146245012700186250001000313260003900323300002800362650002700390990000800417990000800425INLIS00000000000006720220428095551 a0010-0917000053ta220428 g 0 ind  a979-518-925-5 a297.61 a297.61 DJA p0 aDjamarah, M.Ag., Drs. Syaiful Bahri1 aPola Komunikasi Orangtua & Anak Dalam Keluarga :bSebuah Perspektif Pendidikan Islam /cDrs. Syaiful Bahri Djamarah, M.Ag. aCet.1 aJakarta :bPT. Rineka Cipta,c2004 a167 hlm ;c14 X 20.5 Cm 4aPendidikan Agama Islam a233 a233